[Event "Groningen op"]
[Site "Groningen"]
[Date "1991.??.??"]
[Round "6"]
[White "Vaisser, Anatoli"]
[Black "Finegold, Benjamin"]
[Result "0-1"]
[WhiteElo "2565"]
[BlackElo "2455"]

1.c4 c6 2.e4 d5 3.exd5 Nf6 4.d4 cxd5 5.Nc3 Nc6 6.Bg5 e6 7.cxd5 exd5 8.Bb5 Be7
9.Nge2 O-O 10.O-O h6 11.Bh4 Bf5 12.Bxc6 bxc6 13.Rc1 Re8 14.Na4 Qa5 15.Nec3 Qa6
16.Re1 Qd3 17.Re3 Qxd1+ 18.Nxd1 g5 19.Bg3 Ne4 20.Rxc6 Bd7 21.Ra6 Bf6 22.Be5 Rac8
23.f3 Rc1 24.Re1 Bxe5 25.dxe5 Rxe5 26.fxe4 Rxe4 27.Rxe4 Rxd1+ 28.Kf2 dxe4
29.Nc3 Rd2+ 30.Ke3 Rxg2 31.Nxe4 Be6 32.b4 Rxa2 33.Rxa2 Bxa2 34.h4 f5 35.Nd6 f4+
36.Kf3 Kg7 37.Nb5 Bd5+ 38.Kg4 f3 39.Kg3 gxh4+ 40.Kf2 h3  0-1

[Event "ISL-ch playoff"]
[Site "Grundarfjordur"]
[Date "1991.??.??"]
[Round "3"]
[White "Olafsson, Helgi"]
[Black "Thorsteins, Karl"]
[Result "1-0"]
[WhiteElo "2595"]
[BlackElo "2480"]

1.c4 c6 2.e4 d5 3.exd5 cxd5 4.cxd5 Qxd5 5.Nc3 Qd6 6.d4 e6 7.g3 Nf6 8.Bg2 Be7
9.Nge2 O-O 10.O-O Nc6 11.Bf4 Qd8 12.a3 Bd7 13.b4 Rc8 14.Qb3 Qb6 15.d5 exd5
16.Nxd5 Nxd5 17.Bxd5 Bf6 18.Rac1 Ne7 19.Be3 Qa6 20.Rxc8 Bxc8 21.b5 Qd6 22.Bc4 Nf5
23.Rd1 Qc7 24.b6 axb6 25.Bxb6 Qc6 26.Nf4 Ne7 27.Bxf7+ Kh8 28.Bc4 Bg4 29.Re1 g6
30.Qb4 Rc8 31.Be6 Bxe6 32.Rxe6 Qc1+ 33.Kg2 Nf5 34.Rxf6 Ne3+ 35.Bxe3  1-0

[Event "Hamburg SKA"]
[Site "Hamburg"]
[Date "1991.??.??"]
[Round "?"]
[White "Bischoff, Klaus"]
[Black "Mueller, Karsten"]
[Result "1/2-1/2"]
[WhiteElo "2495"]
[BlackElo "2425"]

1.c4 c6 2.Nf3 d5 3.e3 Nf6 4.Nc3 g6 5.d4 Bg7 6.Be2 O-O 7.O-O b6 8.b4 Bb7 9.Qb3 Nbd7
10.cxd5 Nxd5 11.Bb2 e6 12.a4 Nxc3 13.Bxc3 Rb8 14.Rfd1 Qe7 15.a5 e5 16.axb6 axb6
17.dxe5 Nxe5 18.Nxe5 Bxe5 19.Bxe5 Qxe5 20.Bf3 c5 21.Bxb7 Rxb7 22.bxc5  1/2-1/2

[Event "Hamburg SKA"]
[Site "Hamburg"]
[Date "1991.??.??"]
[Round "?"]
[White "Maus, Soenke"]
[Black "Mueller, Karsten"]
[Result "0-1"]
[WhiteElo "2400"]
[BlackElo "2425"]

1.c4 c6 2.e4 d5 3.cxd5 cxd5 4.exd5 Nf6 5.Bb5+ Nbd7 6.Nc3 a6 7.Qa4 g6 8.Nf3 Bg7
9.O-O O-O 10.Bxd7 Bxd7 11.Qb3 b5 12.d4 Qb8 13.Re1 b4 14.Ne4 Qb5 15.Nc5 a5
16.Ne5 Be8 17.Be3 a4 18.Qd1 Nxd5 19.Qf3 Rd8 20.Rac1 Qb8 21.Bd2 Qa8 22.Qh3 Bb5
23.Re4 Nf6 24.Rh4 Qd5 25.Bh6 Bxh6 26.Rxh6 Qxd4 27.Qe3 Qxe3 28.fxe3 Rd2 29.Rh4 Rxb2
30.Ncd3 Rxa2 31.Rxb4 Bxd3 32.Nxd3 Nd5 33.Re4 Rb8 34.Rd1  0-1

[Event "Katowice op"]
[Site "Katowice"]
[Date "1991.??.??"]
[Round "4"]
[White "Lisenko, Alexander V"]
[Black "Lisik, Valery"]
[Result "1/2-1/2"]
[WhiteElo "2380"]
[BlackElo "2485"]

1.c4 c6 2.Nf3 d5 3.b3 Nf6 4.Bb2 Bg4 5.e3 e6 6.Be2 Nbd7 7.h3 Bh5 8.d3 Bb4+
9.Bc3 Bxc3+ 10.Nxc3 h6 11.cxd5  1/2-1/2

[Event "Kerteminde"]
[Site "Kerteminde"]
[Date "1991.??.??"]
[Round "1"]
[White "Hansen, Lars Bo"]
[Black "Van der Sterren, Paul"]
[Result "1/2-1/2"]
[WhiteElo "2525"]
[BlackElo "2475"]

1.c4 c6 2.d4 d5 3.cxd5 cxd5 4.Nc3 Nf6 5.Nf3 Nc6 6.Bf4 Bf5 7.e3 e6 8.Bb5 Nd7
9.Qa4 Rc8 10.O-O a6 11.Bxc6 Rxc6 12.Rfc1 Be7 13.Ne2 Qb6 14.Rxc6 bxc6 15.Rc1 Bd3
16.Qd1 Bxe2 17.Qxe2 O-O 18.Ne1 a5 19.Nd3 Qb5 20.Qc2 Rc8 21.Bg3 f6 22.h4 c5
23.Nf4 Nf8 24.Qb3 Qxb3 25.axb3 Kf7 26.Nd3 Nd7 27.f3 c4 28.Be1 Nb6 29.bxc4 dxc4
30.Nf2 Bb4 31.Kf1 Nd5 32.Nd1 e5 33.dxe5 fxe5 34.Ke2 Ke6 35.g3 e4 36.fxe4 Nf6
37.Nf2 h5 38.Ra1 Rb8 39.Ra2 Rb5 40.Bd2 Bd6 41.Kf3 Bb4 42.Bc3 Bxc3 43.bxc3 Nd7
44.Nd1 Ne5+ 45.Ke2 Ke7 46.Nb2 a4 47.Kd2 a3 48.Na4 Nd3 49.Kc2 Rb3 50.Ra1 Kd6
51.Rb1 Rxb1 52.Kxb1 Nf2 53.Nb6 Kc5 54.Nd7+ Kc6 55.Ne5+ Kb5 56.Ka2 Nxe4 57.Kxa3 Nxc3
58.g4 Nd1 59.gxh5 Nxe3 60.Nf3 Kc5 61.Kb2  1/2-1/2

[Event "Kerteminde"]
[Site "Kerteminde"]
[Date "1991.??.??"]
[Round "3"]
[White "Berg, Klaus"]
[Black "Hector, Jonny"]
[Result "0-1"]
[WhiteElo "2420"]
[BlackElo "2465"]

1.c4 c6 2.e4 e5 3.Nc3 Bc5 4.Nf3 Qf6 5.Be2 h6 6.O-O Ne7 7.d3 d6 8.Be3 Bd4
9.Bxd4 exd4 10.Nb1 Ng6 11.Nbd2 Nf4 12.Ne1 Qg6 13.Kh1 O-O 14.g3 Nxe2 15.Qxe2 Bh3
16.Ng2 f5 17.f4 Nd7 18.Rfe1 Rae8 19.Qf2 Nc5 20.Qxd4 Bxg2+ 21.Kxg2 fxe4 22.Nxe4 Ne6
23.Qc3 d5 24.cxd5 cxd5 25.Nf2 Nxf4+ 26.Kh1 Ne2 27.Qc5 Qf5  0-1

[Event "JUG-ch"]
[Site "Kladovo"]
[Date "1991.??.??"]
[Round "6"]
[White "Cvetkovic, Srdjan"]
[Black "Blagojevic, Dragisa"]
[Result "1-0"]
[WhiteElo "2470"]
[BlackElo "2425"]

1.c4 c6 2.Nf3 d5 3.d4 Nf6 4.Qb3 e6 5.Bg5 Nbd7 6.Nc3 h6 7.Bh4 Qb6 8.e3 Qxb3
9.axb3 Bb4 10.Bd3 Ne4 11.Bxe4 dxe4 12.Nd2 f5 13.O-O O-O 14.f3 exf3 15.Nxf3 b6
16.Ne1 g5 17.Bg3 Bb7 18.Nd3 Be7 19.b4 a6 20.c5 a5 21.cxb6 axb4 22.Na4 Ba6
23.Ndc5 Bxc5 24.Nxc5 Bxf1 25.Rxa8 Rxa8 26.Nxd7 Ba6 27.Nc5 Bc8 28.b3 Ra2 29.b7 Bxb7
30.Nxb7 Re2 31.Nc5 Rxe3 32.Kf1 Kf7 33.Be1 e5 34.Bd2 exd4 35.Bxe3 dxe3 36.Ke2 f4
37.g3 fxg3 38.hxg3 h5 39.Nd3 Ke6 40.Nxb4 c5 41.Nd3 Kd5 42.Kxe3 h4 43.g4 h3
44.Nf2 h2 45.Kf3 Kd4 46.Kg2 Ke3 47.Nh3 h1=Q+ 48.Kxh1 Kf3 49.Nxg5+ Kxg4 50.Ne4 Kf4
51.Nxc5 Ke3 52.b4 Kd4 53.Kg2 Kc4 54.Nd3  1-0

[Event "JUG-ch"]
[Site "Kladovo"]
[Date "1991.??.??"]
[Round "7"]
[White "Jukic, Mirko"]
[Black "Karaklajic, Nikola"]
[Result "1/2-1/2"]
[WhiteElo "2460"]
[BlackElo "2375"]

1.c4 c6 2.e4 d5 3.exd5 cxd5 4.d4 Nf6 5.Nc3 e6 6.Nf3 Bb4 7.cxd5 Nxd5 8.Bd2 Nc6
9.Bd3 Be7 10.Be3 Ncb4 11.Bc4 O-O 12.O-O a6 13.a3 b5 14.Bb3 Nxc3 15.bxc3  1/2-1/2

[Event "JUG-ch"]
[Site "Kladovo"]
[Date "1991.??.??"]
[Round "9"]
[White "Pavlovic, Milos"]
[Black "Nikolic, Boban"]
[Result "1/2-1/2"]
[WhiteElo "2480"]
[BlackElo "2285"]

1.c4 c6 2.Nf3 Nf6 3.g3 d5 4.Bg2 Nbd7 5.cxd5 cxd5 6.d4 e6 7.O-O Bd6 8.Nc3 a6
9.Bf4 Bxf4 10.gxf4 O-O 11.e3 Ne8 12.Qc2 Nd6 13.Rac1 Nf6 14.Ne5 Bd7 15.Qb3 Qa5
16.Rc2 Rfc8 17.Rfc1 Be8 18.Nd3 Rc7 19.a4 Rac8 20.Qa2 Rc6 21.b4 Qc7 22.Nc5 b6
23.Nxa6 Qa7 24.b5 Rc4 25.Nb1 Qe7 26.Nd2 Rxc2 27.Rxc2 Rxc2 28.Qxc2 Nf5 29.Nc7 h6
30.Nf3 g5 31.fxg5 hxg5 32.Nxg5 Bd7 33.Na8 Ng4 34.Nf3 Qd8 35.Nc7 Nh4 36.h3 Nxf3+
37.Bxf3 Nh6 38.Na6 Qg5+ 39.Kf1 e5 40.dxe5 Bxh3+ 41.Ke2 Qxe5 42.Qc1 Nf5 43.Qg1+ Kf8
44.Qh1 Nd4+ 45.Kd1 Nxf3 46.Qxf3 Qa1+ 47.Kd2 Qb2+ 48.Ke1 Qc3+ 49.Kd1 Qd3+
50.Ke1 Qc3+ 51.Kd1 Qa1+ 52.Kd2 Qb2+ 53.Ke1 Qc3+ 54.Kd1  1/2-1/2

[Event "Kobanya op"]
[Site "Kobanya"]
[Date "1991.??.??"]
[Round "4"]
[White "Khasin, Alexander"]
[Black "Varga, Zoltan"]
[Result "1/2-1/2"]
[WhiteElo "2450"]
[BlackElo "2370"]

1.c4 c6 2.Nf3 d5 3.e3 Nf6 4.Nc3 e6 5.b3 Bd6 6.Bb2 O-O 7.d4 Nbd7 8.Be2 Qe7
9.O-O dxc4 10.Bxc4 e5 11.dxe5 Nxe5 12.Be2 Rd8 13.Qc2 Nxf3+ 14.Bxf3 Bg4 15.Ne4 Bxf3
16.Nxf6+ gxf6 17.gxf3 Be5 18.Kh1 Kh8 19.Rg1 Rg8 20.Qe4 Qe6 21.Bxe5 fxe5 22.f4 exf4
23.Qd4+ f6 24.Qxf4 Qe5 25.Qxe5 fxe5 26.Rxg8+ Kxg8 27.Rd1 Rf8 28.Kg2 Rf7 29.Rd8+ Kg7
30.Re8 Kf6 31.Kf3 Kg6+ 32.Ke2 Kf5 33.f3 Rg7 34.Kf2 Rd7 35.e4+ Kf6 36.Ke3 Re7
37.Ra8 b6 38.Rc8 c5 39.f4 exf4+ 40.Kxf4 Rd7 41.Rc6+ Kg7 42.Ke5 Rd2 43.Rc7+ Kg6
44.Rxa7 Rxh2 45.Ra6 Kg5 46.a4 Rb2 47.Rxb6 c4 48.b4 c3 49.Rc6 Rxb4 50.Rxc3 Rxa4
51.Rg3+ Kh4 52.Rg1 Ra7 53.Kf6 h5 54.e5 Kh3 55.e6 h4 56.e7 Rxe7 57.Kxe7 Kh2
58.Rg6 h3 59.Kf6 Kh1 60.Kf5 h2 61.Kf4  1/2-1/2

[Event "Kobanya op"]
[Site "Kobanya"]
[Date "1991.??.??"]
[Round "5"]
[White "Pinchuk, Sergey T"]
[Black "Horvath, Csaba"]
[Result "1-0"]
[WhiteElo "2355"]
[BlackElo "2460"]

1.c4 c6 2.d4 d5 3.e3 Nf6 4.Nf3 e6 5.Bd3 dxc4 6.Bxc4 c5 7.O-O a6 8.Bd3 cxd4
9.exd4 Nc6 10.Nc3 Be7 11.Bg5 O-O 12.Rc1 Nd5 13.Bxe7 Ncxe7 14.Nxd5 Nxd5 15.Ne5 Qb6
16.Nc4 Qa7 17.Qh5 h6 18.Qh4 Bd7 19.Ne5 Bb5 20.Rfd1 Rac8 21.Bb1 Nf6 22.Rc3 Rxc3
23.bxc3 Qb6 24.Ng4 Nxg4 25.Qxg4 Qc6 26.Qe4 Qxe4 27.Bxe4 b6 28.Bd3 Bxd3 29.Rxd3 Rc8
30.Kf1 Kf8 31.Ke2 Rc4 32.Kd1 Ra4 33.Rd2 Ke7 34.Kc1 Kd6 35.Kb2 Ra5 36.Re2 Rg5
37.f3 h5 38.Kc2 h4 39.a4 Rf5 40.Re3 Rg5 41.Re2 h3 42.g3 Ra5 43.Kb3 b5 44.axb5 Rxb5+
45.Kc4 Kc6 46.f4 g6 47.g4 Rb1 48.f5 exf5 49.gxf5 g5 50.Re3 g4 51.Rg3 Rb2
52.Rxg4 Kd6 53.Rh4 Rxh2 54.Rh6+ Ke7 55.Rxa6 Rf2 56.Rh6 h2 57.d5 Rc2 58.Kd4 Ra2
59.c4 Kd7 60.Rh7 Ke7 61.Rh6  1-0

[Event "Krasnodar"]
[Site "Krasnodar"]
[Date "1991.??.??"]
[Round "?"]
[White "Zhukhovitsky, Samuel"]
[Black "Shabanov, Yuri"]
[Result "1/2-1/2"]
[WhiteElo "2460"]
[BlackElo "2410"]

1.c4 c6 2.Nf3 d5 3.e3 Nf6 4.b3 Bg4 5.Bb2 e6 6.Be2 Be7 7.O-O O-O 8.Ne5 Bxe2
9.Qxe2 Nbd7 10.d4 a5 11.a3 Nxe5 12.dxe5 Nd7 13.Nd2 Nc5 14.Bd4 dxc4 15.bxc4 a4
16.Bxc5 Bxc5 17.Ne4 Qe7 18.Qb2 b6 19.Rfd1 Rfd8 20.Rxd8+ Rxd8 21.Nc3 Ra8 22.h3 h6
23.Ne4 Rd8 24.Nc3 Ra8 25.Ne4 Rd8 26.Nc3  1/2-1/2

[Event "Krumbach op"]
[Site "Krumbach"]
[Date "1991.??.??"]
[Round "2"]
[White "Serper, Grigory"]
[Black "Bode, Wilfried"]
[Result "1-0"]
[WhiteElo "2490"]
[BlackElo "2280"]

1.c4 c6 2.e4 d5 3.exd5 cxd5 4.cxd5 Nf6 5.Nc3 Nxd5 6.Bc4 Nb6 7.Bb3 Nc6 8.Nf3 Bf5
9.d4 e6 10.O-O Be7 11.a3 O-O 12.h3 Rc8 13.Ba2 Na5 14.Qe2 Nac4 15.Rd1 Qe8
16.a4 Bb4 17.Ne4 Na5 18.Bf4 Nd5 19.Bg3 Qe7 20.Rac1 h6 21.Nc5 Rfd8 22.Bh4 g5
23.Bg3 Bxc5 24.dxc5 Rxc5 25.Rxc5 Qxc5 26.Ne5 Qc2 27.Qh5 Bg6 28.Nxg6 Qxg6
29.Qxg6+ fxg6 30.Bc7  1-0

[Event "Las Palmas op"]
[Site "Las Palmas"]
[Date "1991.??.??"]
[Round "4"]
[White "Lopez, Ricardo"]
[Black "Braga, Fernando"]
[Result "1-0"]
[WhiteElo "2250"]
[BlackElo "2445"]

1.c4 c6 2.Nf3 d5 3.g3 dxc4 4.Bg2 Bf5 5.O-O Nd7 6.Na3 Nb6 7.Ne5 Qd4 8.Nexc4 e5
9.e3 Qc5 10.d4 exd4 11.exd4 Qb4 12.Bd2 Qa4 13.Re1+ Be6 14.Qxa4 Nxa4 15.d5 cxd5
16.Bxd5 Bxa3 17.bxa3 O-O-O 18.Bxe6+ fxe6 19.Rac1 Kb8 20.Bf4+ Ka8 21.Ne5 Rf8
22.Nf7  1-0

[Event "Leningrad op"]
[Site "Leningrad"]
[Date "1991.??.??"]
[Round "?"]
[White "Tal, Mihail"]
[Black "Sveshnikov, Evgeny"]
[Result "0-1"]
[WhiteElo "2565"]
[BlackElo "2510"]

1.c4 c6 2.Nf3 d5 3.d4 Nf6 4.e3 Bf5 5.Bd3 Bxd3 6.Qxd3 e6 7.Nc3 Nbd7 8.O-O Be7
9.e4 dxe4 10.Nxe4 O-O 11.Bf4 c5 12.Rad1 Qb6 13.b3 Rfd8 14.Nc3 cxd4 15.Nxd4 Nc5
16.Qe2 Rd7 17.Ndb5 a6 18.Rxd7 Ncxd7 19.Na4 Qc6 20.Nd4 Qe4 21.Qxe4 Nxe4 22.Rd1 Ndc5
23.Nb6 Nc3 24.Nxa8 Nxd1 25.Kf1 Nc3 26.a3 Nd3 27.Bd2 Ne4 28.Be3 Bxa3 29.Ke2 Ne5
30.f3 Nf6 31.Nb6 Ned7 32.Na4 Bd6 33.g3 h5 34.Nc2 Ne8 35.c5 Be7 36.Nb4 Ne5
37.Nb6 a5 38.Nd3 Nc6 39.Nc4 Nf6 40.Nde5 Nxe5 41.Nxe5 Nd5 42.Bf2 f6 43.Nc4 a4
44.bxa4 Nc3+ 45.Kf1 Nxa4 46.Na5 Bxc5 47.Nxb7 Bxf2 48.Kxf2 Kf7 49.Nd6+ Ke7
50.Ne4 Nb6 51.Ke3 Nc4+ 52.Kd4 Nd6 53.Nc5 Nf5+ 54.Ke4 Kd6 55.Nd3 g5 56.Nb4 Kc5
57.Na6+ Kb6 58.Nb8 Kc7 59.Na6+ Kc6 60.Nb4+ Kb5 61.Nd3 Kc4 62.Nb2+ Kc3 63.Na4+ Kd2
64.f4 Nd6+ 65.Kd4 gxf4 66.gxf4 Ke2 67.Nc5 h4 68.Nxe6 Kf3 69.Kd5 Nf5 70.Nc5 Ne3+
71.Kd4 Ng4 72.h3 Nf2 73.f5 Nxh3 74.Ne4 Nf4  0-1

[Event "Leningrad op"]
[Site "Leningrad"]
[Date "1991.??.??"]
[Round "?"]
[White "Zakharov, Alexander V"]
[Black "Mukhametov, Eldar"]
[Result "1/2-1/2"]
[WhiteElo "2380"]
[BlackElo "2390"]

1.c4 c6 2.Nf3 d5 3.e3 Nf6 4.Be2 e6 5.O-O Nbd7 6.d4 Bd6 7.Nbd2 O-O 8.b3 Ne4
9.Bb2 f5 10.Ne5 Nxd2 11.Qxd2 Nxe5 12.dxe5 Be7 13.Qc2 b6 14.Rad1 Bb7 15.f4 Rc8
16.Bf3 Qe8 17.g4 g6 18.Rf2 Kh8 19.Bd4 Bh4 20.Rg2 Be7 21.c5 b5 22.Kh1 Kg8
23.Rdg1 Kf7 24.Rg3 Qd7 25.Qg2 Ke8 26.Rh3 Bd8 27.gxf5 exf5 28.e6 Qe7 29.Be5 Bc7
30.Bd6 Bxd6 31.cxd6 Qxe6 32.Rxh7 Rf7 33.Rh6 Kd7 34.Rxg6 Qxe3 35.Rf6 Rxf6
36.Qg7+ Kxd6 37.Qxf6+ Kc5 38.Rf1 Qxf4 39.Qe7+ Kb6 40.b4 Rh8 41.Rf2 Rxh2+
42.Rxh2 Qxf3+ 43.Kg1 Qd1+ 44.Kf2 Qd2+ 45.Kg3 Qd3+ 46.Kf2 Qc2+ 47.Kg3 Qd3+
48.Kf2 Qc2+  1/2-1/2

[Event "Leningrad op"]
[Site "Leningrad"]
[Date "1991.??.??"]
[Round "?"]
[White "Gorbatow, Alexej"]
[Black "Ballon, Guenther Jan"]
[Result "1-0"]
[WhiteElo "2235"]
[BlackElo "2265"]

1.c4 c6 2.g3 d5 3.Bg2 Nf6 4.Nf3 e6 5.b3 Be7 6.Bb2 O-O 7.Qc2 b6 8.O-O Bb7
9.d4 Nbd7 10.Nbd2 Rc8 11.e4 Nxe4 12.Nxe4 dxe4 13.Qxe4 Nf6 14.Qe2 c5 15.Rad1 cxd4
16.Bxd4 Qc7 17.Be5 Qc5 18.Bd4 Qc7 19.Rfe1 Rcd8 20.Be5 Qc6 21.Qf1 Rxd1 22.Rxd1 Rd8
23.Rxd8+ Bxd8 24.Nd4 Qc8 25.Bxb7 Qxb7 26.Qg2 Ne4 27.Nb5 a6 28.Nc3 Nc5 29.b4 Qxg2+
30.Kxg2 Nb7 31.a3 Kf8 32.Kf3 Bf6 33.Bxf6 gxf6 34.Ke3 Ke7 35.Na4 b5 36.cxb5 axb5
37.Nc3 Nd6 38.Kd4 f5 39.f3 e5+ 40.Kxe5 Nc4+ 41.Kd5 Nxa3 42.Kc5  1-0

[Event "London WFW"]
[Site "London"]
[Date "1991.??.??"]
[Round "?"]
[White "Suba, Mihai"]
[Black "Hector, Jonny"]
[Result "1-0"]
[WhiteElo "2540"]
[BlackElo "2465"]

1.c4 c6 2.e4 e5 3.Nf3 f5 4.d4 fxe4 5.Nxe5 Nf6 6.c5 d6 7.cxd6 Bxd6 8.Qb3 Qe7
9.Nc4 Bb4+ 10.Bd2 Na6 11.a3 Bxd2+ 12.Nbxd2 Nc7 13.g3 Nb5 14.Qe3 Bf5 15.Qf4 Bg6
16.Nb3 Rd8 17.Qe5 Bf7 18.Nca5 Nd6 19.Nc5 e3 20.f3 Bd5 21.Naxb7 Nxb7 22.Nxb7 Bxf3
23.Nxd8 Bxh1 24.Ne6 Kf7 25.Bc4 Bd5 26.Bxd5 cxd5 27.Ng5+ Kf8 28.Rc1 Qxe5 29.dxe5 Ne8
30.Rc6 h6 31.Ne6+ Ke7 32.Ra6 h5 33.Nf4 Kd8 34.Nxd5 h4 35.g4 Rf8 36.Rxa7 Kc8
37.e6 Kb8 38.Rf7  1-0

[Event "Wch U20"]
[Site "Mamaia"]
[Date "1991.??.??"]
[Round "?"]
[White "Prakash, G B."]
[Black "Bathie, Nicol"]
[Result "1/2-1/2"]
[WhiteElo "2355"]
[BlackElo "2255"]

1.c4 c6 2.e4 e5 3.Nf3 d6 4.d4 Bg4 5.dxe5 Bxf3 6.Qxf3 dxe5 7.Be2 Nf6 8.O-O Nbd7
9.Nc3 Qc7 10.Qg3 Nc5 11.f4 Ncxe4 12.Nxe4 Nxe4 13.Qf3 Bc5+ 14.Kh1 f5 15.g4 O-O
16.gxf5 Nf6 17.b3 Rae8 18.Rb1 e4 19.Qg2 a5 20.Bb2 Qe7 21.Rbd1 Kh8 22.Qg5 Rd8
23.h4 Rxd1 24.Rxd1 Rd8 25.Rxd8+ Qxd8 26.Bxf6 gxf6 27.Qg2 Qd4 28.h5 Qf2 29.Qxf2 Bxf2
30.Kg2 Bc5 31.Bd1 Kg7 32.Kg3 h6 33.Bc2 e3 34.Kf3 Kf7 35.Bd3 Ke7 36.Ke4 Kd6
37.Be2 Ba7 38.Bd1 Bc5 39.Kd3 Kc7 40.Ke4 Kb6 41.Kd3 Ka6 42.Ke4 a4 43.bxa4 Ka5
44.a3 e2 45.Bxe2 Kxa4 46.Bd3 Kxa3 47.Be2 Kb3 48.Bf1 Kc3 49.Be2 Kb4 50.Bf1 Bd6
51.Be2 Kc5 52.Bf1 b5 53.cxb5 cxb5 54.Kd3 Bxf4 55.Kc2 b4 56.Kb3 Bd2 57.Bc4 Kd4
58.Bf7  1/2-1/2

[Event "FRA-ch Acc"]
[Site "Montpellier"]
[Date "1991.??.??"]
[Round "3"]
[White "Cerisier, Philippe"]
[Black "Ferry, Roger"]
[Result "1-0"]
[WhiteElo "2295"]
[BlackElo "2245"]

1.c4 c6 2.e4 d5 3.exd5 cxd5 4.cxd5 Nf6 5.Nc3 Nxd5 6.d4 Nc6 7.Nf3 e6 8.Bd3 Be7
9.O-O O-O 10.Re1 b6 11.Nxd5 exd5 12.Bxh7+ Kxh7 13.Qc2+ Kg8 14.Qxc6 Bf5 15.Bf4 Be4
16.Re3 Bxf3 17.Rxf3 Bf6 18.Be3 Re8 19.Rf5 Re6 20.Qxd5 Rd6 21.Qf3 Rc8 22.g3 Rc2
23.Rb1 Bxd4 24.Bxd4 Rxd4 25.Rxf7 Rdd2 26.Qb3 Kh8 27.Rf4 g5 28.Rf5 Qe7 29.Qf3 Rxf2
30.Qh5+ Kg8 31.Rxg5+ Kf8 32.Qh8+ Kf7 33.Rg7+ Ke6 34.Re1+  1-0

[Event "Russian Winter op"]
[Site "Moscow"]
[Date "1991.??.??"]
[Round "?"]
[White "Shvedchikov, Anatoli I"]
[Black "Shabanov, Yuri"]
[Result "0-1"]
[WhiteElo "2395"]
[BlackElo "2410"]

1.c4 c6 2.Nf3 d5 3.e3 Nf6 4.Nc3 e6 5.b3 Nbd7 6.d4 Bd6 7.Be2 O-O 8.O-O Qe7
9.a3 Re8 10.Bb2 h6 11.Qc2 dxc4 12.Bxc4 e5 13.Nh4 Nf8 14.Nf5 Bxf5 15.Qxf5 exd4
16.exd4 Qd7 17.Qf3 Ne6 18.d5 Ng5 19.Qd1 Rad8 20.Kh1 Ng4 21.dxc6 bxc6 22.h4 Nh7
23.Qc2 Nhf6 24.Rad1 Qe7 25.g3 Bxa3 26.Ba1 Bc5 27.Rxd8 Rxd8 28.Bb2 Bd4 29.Kg1 Nxf2
30.Rxf2 Qe1+ 31.Kg2 Qxf2+ 32.Qxf2 Bxf2 33.Ne2 Bc5 34.Kf3 Nd7 35.Nf4 Nb6 36.Be2 Bd4
37.Ba3 Re8 38.Bc1 Nd5 39.Nd3 Nc3 40.Bf1 c5  0-1

[Event "Moscow2"]
[Site "Moscow"]
[Date "1991.??.??"]
[Round "?"]
[White "Ksieski, Zbigniew"]
[Black "Cybulak, Adam"]
[Result "1/2-1/2"]
[WhiteElo "2370"]
[BlackElo "2265"]

1.c4 c6 2.Nf3 d5 3.e3 Nf6 4.Nc3 e6 5.b3 Be7 6.Bb2 O-O 7.Be2 Nbd7 8.d4 b6
9.O-O Bb7 10.Qc2 Re8 11.Rad1 Qc7 12.Ne5 Nxe5 13.dxe5 Nd7 14.f4 Nf8 15.e4 dxc4
16.bxc4 Rad8 17.Kh1 Rxd1 18.Nxd1  1/2-1/2

[Event "Ostrava"]
[Site "Ostrava"]
[Date "1991.??.??"]
[Round "5"]
[White "Rechlis, Gad"]
[Black "Haba, Petr"]
[Result "0-1"]
[WhiteElo "2510"]
[BlackElo "2485"]

1.c4 c6 2.e4 d5 3.exd5 cxd5 4.cxd5 Nf6 5.Nc3 Nxd5 6.Nf3 e6 7.d4 Bb4 8.Qc2 Nc6
9.Bd3 Nf6 10.a3 Be7 11.Be3 Bd7 12.O-O Rc8 13.Rfd1 O-O 14.Bg5 h6 15.Bf4 Qa5
16.Qd2 Rfd8 17.Rac1 Be8 18.b4 Nxb4 19.axb4 Bxb4 20.Bxh6 Rxc3 21.Rxc3 Bxc3
22.Qf4 Qh5 23.Bg5 Nd5 24.Qe4 Rc8 25.h4 Bc6 26.Rc1 Bb2 27.g4 Qg6 28.Qe2 Nf4
29.Qxb2 Nxd3 30.Rxc6 Rxc6 31.Qxb7 Qe4  0-1

[Event "Palma de Mallorca op"]
[Site "Palma de Mallorca"]
[Date "1991.??.??"]
[Round "?"]
[White "Lopez, A."]
[Black "Romero Holmes, Alfonso"]
[Result "0-1"]
[WhiteElo "2255"]
[BlackElo "2460"]

1.c4 c6 2.e4 e5 3.Nf3 d6 4.Nc3 g6 5.d4 Bg7 6.Be3 Nd7 7.Be2 Ngf6 8.h3 O-O
9.O-O exd4 10.Nxd4 Re8 11.Bf3 a5 12.Qc2 Nc5 13.Rad1 Qe7 14.Bf4 Nfd7 15.Nb3 Ne5
16.Be2 f5 17.Nxc5 dxc5 18.Qd2 Nf7 19.exf5 Bxf5 20.Rfe1 Rad8 21.Qc1 Rxd1 22.Nxd1 Bd4
23.Ne3 Qf6 24.Bf1 Re6 25.Nxf5 Qxf5 26.Rxe6 Qxe6 27.Qd2 Qf6 28.Bg3 h5 29.b3 Qd8
30.Bd3 Kg7 31.Qe2 h4 32.Bf4 Qf6 33.Bc1 Ne5 34.Bc2 b6 35.a3 Nf7 36.Bd2 Qe5
37.Qg4 Qf6 38.Bf4 g5 39.Be3 Bxe3 40.fxe3 Qa1+ 41.Kf2 Qf6+ 42.Qf3 b5 43.Ke2 Qe6
44.Bd3 Qe5 45.Qxc6 Qb2+ 46.Kf1 Qxb3 47.Qg6+ Kf8 48.cxb5 c4 49.Bf5 Qd1+ 50.Kf2 Qd2+
51.Kf1 Qxe3 52.b6 c3 53.b7 Qc1+ 54.Kf2 Qb2+ 55.Kg1 Qxb7 56.Kh1 Qe7 57.a4 Qe1+
58.Kh2 Qe5+ 59.Kh1 Qd4 60.Bc2 Qd6 61.Qf5 Qd2 62.Qg6 Qe1+ 63.Kh2 Qe5+ 64.Kh1 Ke7
65.Qh7 Qd5 66.Qg6 Qe6 67.Qh7 Kf8 68.Qd3 Qe1+ 69.Kh2 Qe5+ 70.Kh1 Nd6 71.Qg6 Ke7
72.Qh7+ Kd8 73.Kg1 Qe1+ 74.Kh2 Qe5+ 75.Kg1 Ne8 76.Kh1 Qe1+ 77.Kh2 Qe5+ 78.Kh1 Nf6
79.Qf7 Qe7 80.Qg6 Qe1+ 81.Kh2 Qe5+ 82.Kh1 Nd5 83.Qg8+ Kc7 84.Qa8 Nb4 85.Qa7+ Kd6
86.Qb6+ Nc6 87.Qa6 Qe1+ 88.Kh2 Qd2  0-1

[Event "Palma de Mallorca op"]
[Site "Palma de Mallorca"]
[Date "1991.??.??"]
[Round "?"]
[White "Gil Reguera, Juan Carlos"]
[Black "Renet, Olivier"]
[Result "0-1"]
[WhiteElo "2400"]
[BlackElo "2470"]

1.c4 c6 2.b3 d5 3.Bb2 Bg4 4.g3 e6 5.Bg2 Nf6 6.Nf3 Nbd7 7.O-O Bd6 8.d3 O-O
9.Nbd2 Re8 10.Qc2 h6 11.e4 dxe4 12.dxe4 e5 13.h3 Bh5 14.Nh4 Bf8 15.Ndf3 Qc7
16.Rfe1 a5 17.a3 Nc5 18.Rad1 Nh7 19.Bc3 f6 20.b4 Ne6 21.c5 Nhg5 22.Rd2 axb4
23.axb4 b6 24.cxb6 Qxb6 25.Rb1 Bf7 26.Nf5 Nc7 27.Nxg5 hxg5 28.Nd6 Bxd6 29.Rxd6 Nb5
30.Rd2 Na3 31.Qc1 Nxb1 32.Qxb1 Red8 33.Rc2 Rd3 34.Kh2 Rad8 35.Qb2 Ra8 36.Qb1 Qd8
37.Rc1 Ra2 38.Be1 Qd4  0-1

[Event "Paris-ch"]
[Site "Paris"]
[Date "1991.??.??"]
[Round "4"]
[White "Gilles, Raphael"]
[Black "Kirszenberg, Marc"]
[Result "1/2-1/2"]
[WhiteElo "2100"]
[BlackElo "2230"]

1.c4 c6 2.Nf3 d5 3.b3 Nf6 4.g3 Bf5 5.Bg2 e6 6.Bb2 h6 7.O-O Be7 8.d3 O-O 9.Nbd2 Nbd7
10.a3 a5 11.Qc2 Bh7 12.Bc3 b5 13.cxb5 cxb5 14.b4 Rc8 15.Qb2 Nb6 16.Qb3 Na4
17.Rfc1 Nxc3 18.Rxc3 axb4 19.Rxc8 Qxc8 20.axb4 Qb8 21.Nd4 Qd6 22.Rb1 Qb6
23.Qc3 e5 24.Nc6 Bd6 25.Nxe5 Re8 26.Ndf3 d4 27.Qc6 Qb8 28.Nd7 Nxd7 29.Qxd7 Rxe2
30.Nxd4 Re7 31.Qg4 Qe8 32.Bc6 Re1+ 33.Kg2 Qe5 34.Rxe1 Qxe1 35.Qc8+ Bf8 36.Bxb5 Qxb4
37.Bc4 Bxd3 38.Bxf7+ Kh7 39.Nf3 Be4 40.Be6 Qc5 41.Qd7 Qe5 42.Qf7 Bxf3+ 43.Kxf3 Qf6+
44.Bf5+ Kh8 45.Qh5 g5 46.Qg4 Bc5 47.Kg2 Kg7 48.Qe4 Qd4 49.Qe2 Qf6 50.Bb1 Kf8
51.Qc2 Bb6 52.Qc8+ Kg7 53.Qc2 Kf8 54.Ba2 Kg7 55.Bd5 Qd4 56.Qf5 Qf6 57.Qd7+ Kf8
58.Qc8+ Ke7 59.f3 Qb2+ 60.Kh3 Qf6 61.Kg4 Bg1 62.h3 Bf2 63.Qc2 h5+ 64.Kxh5 Bxg3
65.Qh7+ Kd6 66.Be4 Bf4 67.Qg8 Ke7  1/2-1/2

[Event "Paris-ch"]
[Site "Paris"]
[Date "1991.??.??"]
[Round "9"]
[White "Roos, Celine"]
[Black "Bartha, Sandor"]
[Result "0-1"]
[WhiteElo "2145"]
[BlackElo "2305"]

1.c4 c6 2.e4 d5 3.exd5 cxd5 4.cxd5 Qxd5 5.Nc3 Qd8 6.d4 Nf6 7.Nf3 e6 8.Bd3 Be7
9.O-O O-O 10.Re1 Nc6 11.a3 g6 12.Bh6 Re8 13.Bc4 a6 14.Rc1 Na5 15.Ba2 b5 16.Ne5 Qb6
17.Qf3 Qxd4 18.Nxf7 Kxf7 19.Qxa8 Qh4 20.Be3 Bb7 21.Qa7 Qg4 22.f3 Bxf3 23.Rc2 Nc6
24.Qc7 Nd4 25.Rf2 Bxg2 26.Bxd4 Ba8+ 27.Qg3 Qxd4 28.Rxe6 Kg7 29.b4 Ng4 30.Ne4 Nxf2
31.Qxf2 Qxf2+ 32.Nxf2 Kf8 33.Rxa6 Rc8 34.Nd3 Be4 35.Be6 Rc2 36.Nc5 Bf3 37.Nd7+ Kg7
38.Ne5 Be4  0-1

[Event "Porz op26"]
[Site "Porz"]
[Date "1991.??.??"]
[Round "5"]
[White "Schmidt, Rainer"]
[Black "Stoinev, Metodi"]
[Result "0-1"]
[WhiteElo "2005"]
[BlackElo "2330"]

1.c4 c6 2.Nc3 d5 3.cxd5 cxd5 4.d4 Nf6 5.Nf3 Nc6 6.Bf4 Bf5 7.e3 e6 8.Bb5 Nd7
9.O-O Be7 10.Qa4 Qb6 11.a3 Rc8 12.Ra2 O-O 13.Rc1 a6 14.Bf1 Qa7 15.Qd1 b5
16.b4 Nb6 17.Nd2 Nc4 18.Nb3 Rfd8 19.Nc5 e5 20.Bg3 exd4 21.exd4 Bf6 22.Bxc4 dxc4
23.d5 Nd4 24.Bf4 Nb3 25.Nxb3 cxb3 26.Qxb3 Qd4 27.Ne2 Qxf4  0-1

[Event "Rishon Le Ziyyon"]
[Site "Rishon Le Ziyyon"]
[Date "1991.??.??"]
[Round "?"]
[White "Har Zvi, Ronen"]
[Black "Shrentzel, Mordechai"]
[Result "1/2-1/2"]
[WhiteElo "2245"]
[BlackElo "2280"]

1.c4 c6 2.d4 d5 3.e3 Nf6 4.Nc3 g6 5.Nf3 Bg7 6.Be2 O-O 7.O-O a6 8.cxd5 cxd5
9.Ne5 b5 10.b4 Ne4 11.Qb3 Bb7 12.a4 Nd7 13.Nxd7 Qxd7 14.axb5 Nxc3 15.Qxc3 axb5
16.Ra5 Rxa5 17.bxa5 Ba6 18.Qb3 Rc8 19.Ba3 e6 20.Bc5 Bf8 21.Bb6 Ra8 22.Rc1 b4
23.Bxa6 Rxa6 24.Qd3 Ra8 25.a6 b3  1/2-1/2